Luyện viết tiếng Nhật dùng trong Trường Đại học

Đã lưu trong:
書目詳細資料
格式: 圖書
出版: 2006
標簽: 添加標簽
沒有標簽, 成為第一個標記此記錄!
Thư viện lưu trữ: Mạng thư viện Đại học Đà Nẵng
LEADER 00457nam a22001811a 4500
001 000038751
003 15046
005 20160412021444.0
008 160412s2006 000
082 |a 4N(07)515 
245 |a Luyện viết tiếng Nhật dùng trong Trường Đại học 
260 |c 2006 
OWN |a LNN 
999 |a From the UDN01 
TYP |a Monograph 
980 |a Mạng thư viện Đại học Đà Nẵng